[Event "CFriend AP-2004-Q-00022 email"]
[Site "Chessfriend.com"]
[Date "2004.12.22"]
[Round "1"]
[White "Batyrov, Muhammet"]
[Black "DWikowski, Adam"]
[Result "0-1"]
[WhiteElo "914"]
[BlackElo "2460"]
[PlyCount "42"]
[EventDate "2004.??.??"]
[EventType "tourn (corr)"]
[EventRounds "12"]
[SourceTitle "Corr 2024"]
[Source "ChessBase"]
[SourceDate "2023.10.19"]
[SourceVersion "1"]
[SourceVersionDate "2023.10.19"]
[SourceQuality "1"]

1. e4 d5 2. exd5 c6 3. dxc6 Nxc6 4. h3 e5 5. Bc4 Bc5 6. Qf3 Nf6 7. Ne2 0-0 8. 0-0 e4 9. Qb3 a6 10. d3 b5 11. Bxb5 axb5 12. Qxb5 Nd4 13. Nxd4 Bxd4 14. Nd2 Ba6 15. Qb3 exd3 16. cxd3 Bxd3 17. Rd1 Bxf2+ 18. Kxf2 Qd4+ 19. Kf3 Rae8 20. Nf1 Re2 21. Qxd3 Qf2# 0-1

[Event "CFriend AP-2004-Q-00022 email"]
[Site "Chessfriend.com"]
[Date "2004.12.22"]
[Round "1"]
[White "Batyrov, Muhammet"]
[Black "Jeremejev, Artjom"]
[Result "0-1"]
[WhiteElo "914"]
[BlackElo "1932"]
[PlyCount "72"]
[EventDate "2004.??.??"]
[EventType "tourn (corr)"]
[EventRounds "12"]
[SourceTitle "Corr 2024"]
[Source "ChessBase"]
[SourceDate "2023.10.19"]
[SourceVersion "1"]
[SourceVersionDate "2023.10.19"]
[SourceQuality "1"]

1. e4 c6 2. Bc4 d5 3. exd5 cxd5 4. Bb5+ Nc6 5. d4 Qb6 6. Bxc6+ bxc6 7. Nc3 Ba6 8. Nge2 Nf6 9. 0-0 e6 10. Na4 Qc7 11. Nc5 Bxc5 12. dxc5 h5 13. b4 Qe5 14. Bf4 Qxe2 15. a4 Qxf1+ 16. Qxf1 Bxf1 17. Kxf1 Kd7 18. f3 a6 19. Rd1 Rhc8 20. Ke2 a5 21. Rd4 e5 22. Bxe5 Re8 23. f4 Ng4 24. Kf3 Nxe5+ 25. fxe5 Rxe5 26. c4 Re4 27. Rxe4 dxe4+ 28. Kxe4 axb4 29. Kf5 b3 30. a5 b2 31. Kf4 b1Q 32. h3 Qf1+ 33. Kg3 g5 34. Kh2 Re8 35. h4 Re2 36. hxg5 Qxg2# 0-1

[Event "CFriend AP-2004-Q-00022 email"]
[Site "Chessfriend.com"]
[Date "2004.12.22"]
[Round "1"]
[White "Batyrov, Muhammet"]
[Black "Paulis, Ryan"]
[Result "0-1"]
[WhiteElo "914"]
[BlackElo "1717"]
[PlyCount "138"]
[EventDate "2004.??.??"]
[EventType "tourn (corr)"]
[EventRounds "12"]
[SourceTitle "Corr 2024"]
[Source "ChessBase"]
[SourceDate "2023.10.19"]
[SourceVersion "1"]
[SourceVersionDate "2023.10.19"]
[SourceQuality "1"]

1. e4 e5 2. Bc4 Nf6 3. d3 Bc5 4. Nf3 d6 5. 0-0 Bg4 6. h3 Bh5 7. c3 Nbd7 8. a4 a5 9. d4 exd4 10. cxd4 Bb4 11. Bd2 Nxe4 12. Bxb4 axb4 13. Re1 f5 14. Qb3 c6 15. Qxb4 d5 16. Be2 Qc7 17. Ne5 Bf7 18. Nxf7 Kxf7 19. Nc3 Rae8 20. Nxe4 fxe4 21. Rf1 Nf6 22. Ra2 Rhf8 23. f3 Kg8 24. a5 Nh5 25. fxe4 Rxf1+ 26. Kxf1 Ng3+ 27. Ke1 Rxe4 28. b3 Nxe2 29. Rxe2 Qg3+ 30. Kf1 Qd3 31. Qd2 Qxb3 32. Kg1 h6 33. Rf2 Qa4 34. Qb2 Qxd4 35. Qd2 Qxd2 36. Rxd2 Ra4 37. Rb2 Rxa5 38. Rxb7 Ra2 39. Rc7 Rc2 40. Kf1 d4 41. Rd7 c5 42. h4 h5 43. g3 g6 44. Ke1 Rg2 45. Rc7 Rxg3 46. Rxc5 Kf7 47. Rc7+ Ke6 48. Rc6+ Kd5 49. Rf6 Rg4 50. Kd2 Ke4 51. Ke2 Rxh4 52. Rxg6 Rh2+ 53. Ke1 h4 54. Re6+ Kd3 55. Ra6 h3 56. Kf1 Rb2 57. Ra3+ Kc2 58. Rxh3 d3 59. Rh6 Kc1 60. Rc6+ Rc2 61. Rd6 d2 62. Rxd2 Rxd2 63. Kg1 Kc2 64. Kf1 Kd3 65. Ke1 Ke3 66. Kf1 Rc2 67. Kg1 Kf3 68. Kh1 Kg3 69. Kg1 Rc1# 0-1

[Event "CFriend AP-2004-Q-00022 email"]
[Site "Chessfriend.com"]
[Date "2004.12.22"]
[Round "1"]
[White "Marcinkiewicz, Witek"]
[Black "Batyrov, Muhammet"]
[Result "1-0"]
[WhiteElo "2184"]
[BlackElo "914"]
[PlyCount "49"]
[EventDate "2004.??.??"]
[EventType "tourn (corr)"]
[EventRounds "12"]
[SourceTitle "Corr 2024"]
[Source "ChessBase"]
[SourceDate "2023.10.19"]
[SourceVersion "1"]
[SourceVersionDate "2023.10.19"]
[SourceQuality "1"]

1. e4 e5 2. Nf3 Nc6 3. d4 exd4 4. Nxd4 Bc5 5. Be3 Qf6 6. Nb5 Bd6 7. Nxd6+ cxd6 8. Nc3 Nge7 9. Nb5 0-0 10. c3 a6 11. Nxd6 Rd8 12. Qd2 b5 13. Be2 Rb8 14. 0-0 b4 15. f4 bxc3 16. bxc3 a5 17. e5 Qg6 18. f5 Nxf5 19. Rxf5 Bb7 20. Bh5 Qxf5 21. Nxf5 g6 22. Nh6+ Kg7 23. Qd6 gxh5 24. Qf6+ Kf8 25. Qxf7# 1-0

[Event "CFriend RL-2004-0-00027 email"]
[Site "Chessfriend.com"]
[Date "2004.11.20"]
[Round "1"]
[White "Batyrov, Muhammet"]
[Black "Balaram, Mohanakrishnan"]
[Result "0-1"]
[WhiteElo "914"]
[BlackElo "926"]
[PlyCount "54"]
[EventDate "2004.??.??"]
[EventType "tourn (corr)"]
[EventRounds "6"]
[SourceTitle "Corr 2008"]
[Source "ChessBase"]
[SourceDate "2008.06.24"]
[SourceVersion "1"]
[SourceVersionDate "2008.06.24"]
[SourceQuality "1"]

1. e4 e5 2. Bc4 Nf6 3. d3 Bc5 4. Bg5 d6 5. Nf3 0-0 6. 0-0 Bg4 7. h3 Bh5 8. g4 Bg6 9. c3 Nbd7 10. d4 exd4 11. cxd4 Bb6 12. Re1 Qc8 13. Nfd2 Bxd4 14. Nc3 Ne5 15. Nf3 Bxc3 16. bxc3 Nxc4 17. Qb3 Ne5 18. Bxf6 Nxf3+ 19. Kh1 Nxe1 20. Bg5 Bxe4+ 21. Kh2 Nf3+ 22. Kg3 Nxg5 23. c4 Qe6 24. Kh2 Qe5+ 25. f4 Qxa1 26. fxg5 Qf1 27. Qg3 Qh1# 0-1

[Event "CFriend RL-2004-0-00027 email"]
[Site "Chessfriend.com"]
[Date "2004.11.20"]
[Round "1"]
[White "Batyrov, Muhammet"]
[Black "Hasidume, Shuji"]
[Result "0-1"]
[WhiteElo "914"]
[BlackElo "1397"]
[PlyCount "94"]
[EventDate "2004.??.??"]
[EventType "tourn (corr)"]
[EventRounds "6"]
[SourceTitle "Corr 2008"]
[Source "ChessBase"]
[SourceDate "2008.06.24"]
[SourceVersion "1"]
[SourceVersionDate "2008.06.24"]
[SourceQuality "1"]

1. e4 c6 2. d4 d5 3. exd5 cxd5 4. Bf4 Nc6 5. Bb5 Nf6 6. a4 a6 7. Bxc6+ bxc6 8. h3 e6 9. Nf3 Be7 10. 0-0 0-0 11. Ne5 Bb7 12. Qf3 Qb6 13. Nd2 Qxd4 14. c3 Qb6 15. b4 c5 16. a5 Qd8 17. bxc5 Bxc5 18. Rab1 Qc8 19. Nd3 Be7 20. Qg3 Nh5 21. Qg4 Nxf4 22. Nxf4 Bd8 23. Nh5 g6 24. Nf4 Bxa5 25. Nf3 Qc7 26. Rfc1 Rab8 27. Ne2 e5 28. Qg5 f6 29. Qh6 Bc6 30. Rxb8 Rxb8 31. h4 Rb2 32. Ng3 Bb5 33. h5 Bb6 34. Nh1 Qg7 35. Qxg7+ Kxg7 36. hxg6 hxg6 37. Rd1 Bc4 38. g4 Be2 39. Rxd5 Bxf3 40. Rd7+ Kh6 41. c4 Rb1+ 42. Kh2 Rxh1+ 43. Kg3 e4 44. c5 Bxc5 45. Rd5 Rg1+ 46. Kh2 Bxf2 47. Rd2 Rh1# 0-1

[Event "CFriend RL-2004-0-00027 email"]
[Site "Chessfriend.com"]
[Date "2004.11.20"]
[Round "1"]
[White "Boni, Roberto"]
[Black "Batyrov, Muhammet"]
[Result "1-0"]
[WhiteElo "1142"]
[BlackElo "914"]
[PlyCount "83"]
[EventDate "2004.??.??"]
[EventType "tourn (corr)"]
[EventRounds "6"]
[SourceTitle "Corr 2008"]
[Source "ChessBase"]
[SourceDate "2008.06.24"]
[SourceVersion "1"]
[SourceVersionDate "2008.06.24"]
[SourceQuality "1"]

1. e4 e5 2. Nf3 Nc6 3. Bb5 Nd4 4. Nxd4 exd4 5. 0-0 Bd6 6. d3 Qh4 7. h3 a5 8. Nd2 Qf4 9. Nf3 Qf6 10. e5 Bxe5 11. Nxe5 c6 12. Re1 cxb5 13. Ng6+ Kd8 14. Nxh8 d6 15. Qh5 h6 16. Nxf7+ Kc7 17. Nxd6 Kxd6 18. Qxb5 Ne7 19. b3 Kc7 20. Bf4+ Kd8 21. Re4 b6 22. Be5 Bd7 23. Bxf6 Bxb5 24. Bxe7+ Kd7 25. Rae1 a4 26. Rxd4+ Kc7 27. Bh4 g5 28. Bg3+ Kb7 29. Re7+ Ka6 30. bxa4 Bc6 31. a5 bxa5 32. Re6 Kb7 33. Rxh6 a4 34. Rb4+ Kc8 35. Rxc6+ Kd7 36. Rg6 Re8 37. Rb7+ Kd8 38. Rd6+ Kc8 39. Rdd7 Re1+ 40. Kh2 a3 41. Rbc7+ Kb8 42. Rd8# 1-0